| Tag |
First Indicator |
Second Indicator |
Subfields |
| LEADER |
00000cam a2200000La 4500 |
| 001 |
in00002252221 |
| 005 |
20190326182928.0 |
| 006 |
m u |
| 007 |
cr cn| |
| 008 |
001009s1991 nhu s 000 0 eng d |
| 020 |
|
|
|a 0585265437 (electronic bk.)
|
| 020 |
|
|
|a 9780585265438 (electronic bk.)
|
| 035 |
|
|
|a (OCoLC)ocm45730375
|
| 035 |
|
|
|a (OCoLC)45730375
|
| 040 |
|
|
|a N$T
|c N$T
|d OCL
|d OCLCQ
|d UtOrBLW
|
| 049 |
|
|
|a TXAM
|
| 050 |
1 |
4 |
|a PN165
|b .W684 1991eb
|
| 082 |
0 |
4 |
|a 808.88/2
|2 20
|
| 245 |
0 |
0 |
|a Writers on writing /
|c edited by Robert Pack, Jay Parini.
|
| 264 |
|
1 |
|a Hanover :
|b Middlebury College Press, University Press of New England,
|c [1991]
|
| 264 |
|
4 |
|c ©1991
|
| 300 |
|
|
|a ix, 294 pages ;
|c 24 cm.
|
| 336 |
|
|
|a text
|b txt
|2 rdacontent
|
| 337 |
|
|
|a computer
|b c
|2 rdamedia
|
| 338 |
|
|
|a online resource
|b cr
|2 rdacarrier
|
| 500 |
|
|
|a "A Bread Loaf anthology."
|
| 533 |
|
|
|a Electronic reproduction.
|b Boulder, Colo. :
|c NetLibrary,
|d 2000.
|n Available via World Wide Web.
|n Access may be limited to NetLibrary affiliated libraries.
|
| 500 |
|
|
|a Electronic resource.
|
| 650 |
|
0 |
|a Authorship
|v Quotations, maxims, etc.
|
| 650 |
|
0 |
|a Authors
|v Quotations.
|
| 655 |
|
7 |
|a Electronic books.
|2 local
|
| 700 |
1 |
|
|a Pack, Robert,
|d 1929-
|
| 700 |
1 |
|
|a Parini, Jay.
|
| 710 |
2 |
|
|a NetLibrary, Inc.
|
| 776 |
1 |
|
|c Original
|z 0874515599
|w (DLC) 91050372
|w (OCoLC)24065064
|
| 856 |
4 |
0 |
|u http://proxy.library.tamu.edu/login?url=http://www.netLibrary.com/urlapi.asp?action=summary&v=1&bookid=34287
|z Connect to the full text of this electronic book
|t 0
|
| 994 |
|
|
|a 92
|b TXA
|
| 999 |
|
|
|a MARS
|
| 999 |
f |
f |
|s 191c00d7-00f0-3714-8ead-16a56dd015de
|i d3a67679-c4b1-366e-8432-55f5b91d281b
|t 0
|
| 952 |
f |
f |
|a Texas A&M University
|b College Station
|c Electronic Resources
|d Available Online
|t 0
|e PN165 .W684 1991eb
|h Library of Congress classification
|
| 998 |
f |
f |
|a PN165 .W684 1991eb
|t 0
|l Available Online
|